| 000 | 00772nam a2200229Ii 4500 | ||
|---|---|---|---|
| 003 | JO-AjNU | ||
| 008 | 230605s9999||||xx |||||||||||||| ||und|| | ||
| 017 | _a2002/7442 | ||
| 020 | _a977-01-7791-1 | ||
| 040 |
_aJO-AjNU _bara _erda _cJO-AjNU |
||
| 041 | _aara | ||
| 050 | 1 | 4 | _aPJ7848.M2 2002 |
| 100 | 3 |
_aتأليف عبد الرزاق،محمد محمود, _eauthor _916954 |
|
| 245 | 0 | 0 | _aزمن القصة القصيرة |
| 250 | _aط1 | ||
| 264 | 3 | 1 | _aالقاهرة:الهيئة المصرية العامة للكتاب،2001 |
| 300 | _a410ص | ||
| 336 |
_atext _btxt _2rdacontent |
||
| 337 |
_aunmediated _bn _2rdamedia |
||
| 338 |
_avolume _bnc _2rdacarrier |
||
| 650 | 4 |
_aالأدب العربي - قصص - القصة القصيرة - تحليل ونقد _916955 |
|
| 999 |
_aA5137 _c8705 _d8705 |
||